[Event "Titled Tuesday intern op 06th Feb Early"]
[Site "Chess.com INT"]
[Date "2024.02.06"]
[Round "1"]
[White "Mitrabha, Guha"]
[Black "Baloglu, Dila"]
[Result "1-0"]
[WhiteElo "2526"]
[BlackElo "1896"]
[PlyCount "81"]
[EventDate "2024.02.06"]
[EventType "swiss (blitz)"]
[EventRounds "11"]
[EventCountry "USA"]
[SourceTitle "CB07_2024"]
[SourceDate "2024.02.14"]
[SourceVersion "1"]
[SourceVersionDate "2024.02.14"]
[SourceQuality "1"]

1. d4 Nf6 2. Bg5 Ne4 3. Bf4 d5 4. e3 g6 5. Bd3 Nd6 6. Nf3 Bg7 7. 0-0 0-0 8. Be5 c6 9. Bxg7 Kxg7 10. Nbd2 Bf5 11. Bxf5 gxf5 12. c4 e6 13. Rc1 Nd7 14. Qb3 Rb8 15. Qa3 Ne4 16. Qxa7 Kh8 17. Qa3 Rg8 18. g3 Qf6 19. Nxe4 fxe4 20. Nd2 h5 21. Qd6 Nb6 22. cxd5 Nxd5 23. Nxe4 Qf3 24. Nd2 Qe2 25. Nc4 h4 26. Qe5+ Kh7 27. Qe4+ Rg6 28. Ne5 f5 29. Qf3 Qxf3 30. Nxf3 hxg3 31. hxg3 Ra8 32. a3 Kg7 33. Kg2 Kf6 34. Ne5 Rg7 35. Rh1 Rag8 36. Kf3 Ke7 37. Rh6 Kd6 38. Rch1 Rf8 39. Rh7 Rxh7 40. Rxh7 Nf6 41. Rxb7 1-0

[Event "Titled Tuesday intern op 16th Jan Early"]
[Site "Chess.com INT"]
[Date "2024.01.16"]
[Round "1"]
[White "Firouzja, Alireza"]
[Black "Baloglu, Dila"]
[Result "1-0"]
[WhiteElo "2759"]
[BlackElo "1896"]
[PlyCount "57"]
[EventDate "2024.01.16"]
[EventType "swiss (blitz)"]
[EventRounds "11"]
[EventCountry "USA"]
[SourceTitle "CB04_2024"]
[SourceDate "2023.10.16"]
[SourceVersion "1"]
[SourceVersionDate "2023.10.16"]
[SourceQuality "1"]

1. e4 e5 2. Nf3 Nc6 3. Bb5 a6 4. Ba4 Nf6 5. 0-0 Be7 6. Re1 b5 7. Bb3 0-0 8. d3 d5 9. exd5 Nxd5 10. h3 Bf6 11. a4 Rb8 12. axb5 axb5 13. Nbd2 Bb7 14. Ne4 Be7 15. c3 Kh8 16. Nfg5 h6 17. Qh5 Kg8 18. Nf3 Nf6 19. Qg6 Kh8 20. Bxf7 Nxe4 21. Bxh6 Rxf7 22. Qxf7 gxh6 23. Rxe4 Qg8 24. Qh5 Qg7 25. Rg4 Qf6 26. Rg6 Qf4 27. Rxh6+ Kg7 28. Qg6+ Kf8 29. Rh8# 1-0

[Event "TUR-ch (Women)"]
[Site "Izmir"]
[Date "2023.10.21"]
[Round "8"]
[White "Baloglu, Dila"]
[Black "Mustu, Hatice Asli"]
[Result "1/2-1/2"]
[WhiteElo "1874"]
[BlackElo "1899"]
[PlyCount "58"]
[EventDate "2023.10.16"]
[EventType "tourn"]
[EventRounds "9"]
[EventCountry "TUR"]
[SourceTitle "Mega2024 Update 01"]
[Source "Chessbase"]
[SourceDate "2023.11.12"]
[SourceVersion "1"]
[SourceVersionDate "2023.11.12"]
[SourceQuality "1"]

1. e4 c5 2. Nc3 Nc6 3. Bb5 g6 4. Bxc6 dxc6 5. d3 Bg7 6. f4 e5 7. Nf3 exf4 8. Bxf4 Nf6 9. 0-0 0-0 10. a4 Bg4 11. Qc1 Bxf3 12. Rxf3 Ng4 13. Nd1 f5 14. exf5 Rxf5 15. h3 Bd4+ 16. Kh1 Ne5 17. Bxe5 Rxf3 18. gxf3 Bxe5 19. Qe3 Qf6 20. Nf2 Bd4 21. Ng4 Qh4 22. Qe6+ Kh8 23. Kg2 Qg5 24. Re1 Rf8 25. c3 Bg7 26. Qe3 Qf5 27. Qe4 Qg5 28. Qe3 Qf5 29. Qe4 Qg5 1/2-1/2

[Event "EU-ch U16 Girls 31st"]
[Site "Mamaia"]
[Date "2023.09.11"]
[Round "6"]
[White "Karaivanova, Petya F"]
[Black "Baloglu, Dila"]
[Result "0-1"]
[WhiteElo "2043"]
[BlackElo "1874"]
[PlyCount "74"]
[EventDate "2023.09.05"]
[EventType "swiss"]
[EventRounds "9"]
[EventCountry "ROU"]
[SourceTitle "EXT 2024"]
[Source "ChessBase"]
[SourceDate "2023.10.10"]
[SourceVersion "1"]
[SourceVersionDate "2023.10.10"]
[SourceQuality "1"]

1. e4 c5 2. Nf3 g6 3. d4 cxd4 4. Nxd4 Bg7 5. c4 Nc6 6. Be3 Nf6 7. Nc3 0-0 8. Be2 e6 9. 0-0 d5 10. cxd5 exd5 11. Nxc6 bxc6 12. e5 Nd7 13. f4 Re8 14. Rc1 Nb6 15. Bd4 f6 16. exf6 Bxf6 17. Bf3 Ba6 18. Rf2 Qd6 19. Bxb6 axb6 20. Ne4 Rxe4 21. Bxe4 Bb7 22. Bf3 c5 23. Kh1 Rxa2 24. Qb3 Ra8 25. Re1 Kg7 26. g3 c4 27. Qd1 Ra2 28. Qb1 Ra7 29. f5 d4 30. Qd1 Bd5 31. fxg6 hxg6 32. Be4 Re7 33. Qg4 Bxe4+ 34. Kg1 Bc6 35. Ref1 Qd5 36. Rf3 Re3 37. Rxe3 Qg2# 0-1

[Event "EU-ch U16 Girls 31st"]
[Site "Mamaia"]
[Date "2023.09.07"]
[Round "3"]
[White "Baloglu, Dila"]
[Black "Putar, Lara"]
[Result "1/2-1/2"]
[WhiteElo "1874"]
[BlackElo "1953"]
[PlyCount "124"]
[EventDate "2023.09.05"]
[EventType "swiss"]
[EventRounds "9"]
[EventCountry "ROU"]
[SourceTitle "EXT 2024"]
[Source "ChessBase"]
[SourceDate "2023.10.10"]
[SourceVersion "1"]
[SourceVersionDate "2023.10.10"]
[SourceQuality "1"]

1. e4 e6 2. d4 d5 3. Nd2 Nf6 4. e5 Nfd7 5. c3 c5 6. f4 Nc6 7. Ndf3 Qb6 8. g3 cxd4 9. cxd4 Bb4+ 10. Kf2 0-0 11. Kg2 Qd8 12. Bd3 f5 13. Ne2 Nb6 14. h3 Be7 15. g4 Bd7 16. Kh2 Nb4 17. Bb1 Rc8 18. a3 Nc6 19. Rg1 Na5 20. b4 Ba4 21. Qd3 Nb3 22. Ra2 Nxc1 23. Nxc1 Qc7 24. Rag2 g6 25. gxf5 exf5 26. Na2 Qc4 27. Qe3 Qb3 28. Qf2 Nc4 29. Nh4 Bd7 30. Re1 Be6 31. Bc2 Qxa3 32. Nc1 Kf7 33. Nd3 b6 34. Nf3 Nb2 35. Nxb2 Qxb2 36. Rb1 Qa2 37. Ne1 Rc3 38. Qg1 Qa3 39. Nd3 Rxd3 40. Bxd3 Qxd3 41. Ra1 a6 42. Rga2 Rc8 43. Rb2 Rc2+ 44. Rxc2 Qxc2+ 45. Qg2 Qc4 46. Qb2 Bxb4 47. Rc1 Qb5 48. Rc7+ Ke8 49. Rxh7 Qc4 50. Qg2 Kd8 51. Qxg6 Qe2+ 52. Kg1 Qe3+ 53. Kg2 Qe4+ 54. Kh2 Qxf4+ 55. Kh1 Qf1+ 56. Kh2 Qe2+ 57. Kh1 Qe4+ 58. Kh2 Qf4+ 59. Kh1 Qc1+ 60. Kh2 Qf4+ 61. Kh1 Qc1+ 62. Kh2 Qc6 1/2-1/2

[Event "Speed Chess Q1 Sw"]
[Site "Chess.com INT"]
[Date "2023.08.21"]
[Round "3"]
[White "Ilamparthi, AR."]
[Black "Baloglu, Dila"]
[Result "1-0"]
[WhiteElo "2384"]
[BlackElo "1874"]
[PlyCount "43"]
[EventDate "2023.08.21"]
[EventType "k.o. (blitz)"]
[EventRounds "14"]
[EventCountry "USA"]
[SourceTitle "CBM 215 Extra"]
[Source "ChessBase"]
[SourceDate "2023.09.30"]
[SourceVersion "1"]
[SourceVersionDate "2023.09.30"]
[SourceQuality "1"]

1. e4 c5 2. Nf3 e6 3. d3 Nc6 4. g3 Nf6 5. Bg2 d5 6. Qe2 dxe4 7. dxe4 Be7 8. 0-0 0-0 9. Rd1 Qc7 10. e5 Nd5 11. c4 Ndb4 12. Nc3 Rd8 13. Bf4 a6 14. a3 Nd4 15. Nxd4 cxd4 16. axb4 dxc3 17. bxc3 Rxd1+ 18. Rxd1 a5 19. c5 axb4 20. cxb4 Ra4 21. Qb5 Ra6 22. Qe8+ 1-0

[Event "Speed Chess Q1 Sw"]
[Site "Chess.com INT"]
[Date "2023.08.21"]
[Round "1"]
[White "Pichot, Alan"]
[Black "Baloglu, Dila"]
[Result "1/2-1/2"]
[WhiteElo "2642"]
[BlackElo "1874"]
[PlyCount "104"]
[EventDate "2023.08.21"]
[EventType "k.o. (blitz)"]
[EventRounds "14"]
[EventCountry "USA"]
[SourceTitle "CBM 215 Extra"]
[Source "ChessBase"]
[SourceDate "2023.09.30"]
[SourceVersion "1"]
[SourceVersionDate "2023.09.30"]
[SourceQuality "1"]

1. e4 c5 2. Nf3 e6 3. b3 Nc6 4. Bb2 d5 5. Bb5 dxe4 6. Ne5 Qc7 7. Nxc6 bxc6 8. Bc4 Nf6 9. 0-0 Be7 10. Nc3 a5 11. Qe2 Qf4 12. Rae1 0-0 13. Nxe4 Nxe4 14. Qxe4 Qxd2 15. Qg4 Qh6 16. f4 Bf6 17. Bxf6 Qxf6 18. Re5 Rd8 19. Qg5 Qxg5 20. fxg5 Ba6 21. Rxc5 Bxc4 22. Rxc4 Rac8 23. h4 Rd5 24. Rf3 Kf8 25. Rfc3 c5 26. Ra4 Ra8 27. Kh2 Ke7 28. Kg3 Kd6 29. Rf4 Ra7 30. Rcf3 Rd2 31. Rxf7 Rxf7 32. Rxf7 Rxc2 33. Rxg7 Rxa2 34. Rxh7 Ra3 35. g6 Rxb3+ 36. Kh2 Rb8 37. g7 Rg8 38. h5 a4 39. h6 Ke7 40. Rh8 Kf7 41. g4 a3 42. g5 a2 43. g6+ Kxg6 44. Rxg8 a1Q 45. Rh8 Qb2+ 46. Kg3 Qc3+ 47. Kf2 Qd2+ 48. Kf3 Qd3+ 49. Kf4 Qd4+ 50. Kf3 Qd3+ 51. Kg4 Qe4+ 52. Kg3 Qd3+ 1/2-1/2

[Event "TUR-ch U13/18 Girls"]
[Site "Antalya"]
[Date "2023.01.26"]
[Round "7"]
[White "Kayis, Gulcan Sena"]
[Black "Baloglu, Dila"]
[Result "1-0"]
[WhiteElo "1685"]
[BlackElo "1777"]
[PlyCount "62"]
[EventDate "2023.01.17"]
[EventType "swiss"]
[EventRounds "9"]
[EventCountry "TUR"]
[SourceTitle "EXT 2024"]
[Source "ChessBase"]
[SourceDate "2023.10.10"]
[SourceVersion "1"]
[SourceVersionDate "2023.10.10"]
[SourceQuality "1"]

1. b3 e5 2. Bb2 Nc6 3. e3 d5 4. Bb5 Bd6 5. f4 Qh4+ 6. g3 Qe7 7. Nf3 f6 8. Nc3 Be6 9. Qe2 Nh6 10. e4 dxe4 11. Qxe4 exf4 12. 0-0-0 0-0 13. gxf4 Bf5 14. Qc4+ Qf7 15. Qf1 Kh8 16. Bxc6 bxc6 17. Nd4 Qd7 18. Nce2 Be4 19. Rg1 c5 20. Nf3 Qf5 21. Nh4 Qh5 22. Qf2 Rae8 23. Rde1 Bc6 24. Qg3 g5 25. Bxf6+ Rxf6 26. Qc3 Ng8 27. fxg5 Be5 28. Nf4 Qxh4 29. Rxe5 Rxe5 30. Qxe5 Qxf4 31. Qc3 Qd4 1-0

[Event "EU-ch U16 Girls 30th"]
[Site "Antalya"]
[Date "2022.11.11"]
[Round "6"]
[White "Kalamoukou, Giolanta"]
[Black "Baloglu, Dila"]
[Result "0-1"]
[WhiteElo "1603"]
[BlackElo "1758"]
[PlyCount "74"]
[EventDate "2022.11.06"]
[EventType "swiss"]
[EventRounds "9"]
[EventCountry "TUR"]
[SourceTitle "EXT 2024"]
[Source "ChessBase"]
[SourceDate "2023.10.10"]
[SourceVersion "1"]
[SourceVersionDate "2023.10.10"]
[SourceQuality "1"]

1. d4 Nf6 2. Nf3 e6 3. Bg5 h6 4. Bxf6 Qxf6 5. e4 d6 6. Nc3 a6 7. Bd3 Nc6 8. Qd2 g6 9. 0-0-0 Bg7 10. Be2 0-0 11. Kb1 b5 12. Bf1 Bb7 13. Ne2 Qe7 14. Qe3 Na5 15. Nd2 c5 16. f3 Rfc8 17. Nb3 Nc4 18. Qd3 a5 19. Nd2 a4 20. Nxc4 bxc4 21. Qxc4 Ba6 22. Qc3 Rab8 23. Qd2 Bxe2 24. Bxe2 cxd4 25. Bd3 Qb7 26. Qc1 d5 27. Rhf1 Bf8 28. Ka1 Rc6 29. Rf2 Rb6 30. b3 Bb4 31. Kb1 Bc3 32. Qa3 Ra8 33. Qc1 axb3 34. cxb3 Rxb3+ 35. axb3 Ra1+ 36. Kc2 Ra2+ 37. Kb1 Qxb3+ 0-1

[Event "World ol U16"]
[Site "Nakhchivan"]
[Date "2022.10.02"]
[Round "1.9"]
[White "Thamil Manni, Swetha"]
[Black "Baloglu, Dila"]
[Result "0-1"]
[WhiteElo "1428"]
[BlackElo "1752"]
[PlyCount "106"]
[EventDate "2022.10.02"]
[EventType "team-swiss"]
[EventRounds "9"]
[EventCountry "AZE"]
[SourceTitle "CBM 210 Extra"]
[Source "ChessBase"]
[SourceDate "2022.11.30"]
[SourceVersion "1"]
[SourceVersionDate "2022.11.30"]
[SourceQuality "1"]
[WhiteTeam "Malaysia"]
[BlackTeam "Turkey Anatolia"]
[WhiteTeamCountry "MAS"]
[BlackTeamCountry "TUR"]

1. d4 Nf6 2. Bf4 g6 3. Nc3 d5 4. Nf3 Bg7 5. Qd2 c6 6. h4 h5 7. Ng5 0-0 8. 0-0-0 b5 9. e4 b4 10. Ne2 Qa5 11. Kb1 Nxe4 12. Nxe4 dxe4 13. Bxb8 Rxb8 14. Qf4 Be6 15. Nc1 Qd5 16. b3 Qa5 17. Qxe4 c5 18. Ne2 Rfd8 19. Qc6 cxd4 20. Nf4 d3 21. Nxd3 Qa3 22. Qa4 Rxd3 23. Qxa3 Rxd1+ 24. Qc1 Rxc1+ 25. Kxc1 Bh6+ 26. Kd1 Rd8+ 27. Bd3 Bf5 28. Ke2 Bxd3+ 29. cxd3 Rc8 30. Re1 Rc2+ 31. Kf3 Rxa2 32. Rxe7 Ra3 33. Ke4 Rxb3 34. Rxa7 Rb1 35. Rb7 b3 36. d4 b2 37. Rb8+ Kg7 38. Kf3 Bc1 39. d5 Ra1 40. d6 b1Q 41. Rxb1 Rxb1 42. d7 Rb8 43. Ke2 Rd8 44. g3 Rxd7 45. Kf3 Kf6 46. Kg2 g5 47. hxg5+ Kxg5 48. Kf3 f5 49. Kg2 f4 50. gxf4+ Kxf4 51. f3 Rd2+ 52. Kh3 h4 53. Kxh4 Rh2# 0-1

[Event "EU-ch Schools U15 Girls"]
[Site "Rhodes"]
[Date "2022.04.22"]
[Round "2"]
[White "Baloglu, Dila"]
[Black "Guid, Taja"]
[Result "1/2-1/2"]
[WhiteElo "1680"]
[BlackElo "1477"]
[PlyCount "51"]
[EventDate "2022.04.21"]
[EventType "swiss"]
[EventRounds "9"]
[EventCountry "GRE"]
[SourceTitle "CBM 208 Extra"]
[Source "ChessBase"]
[SourceDate "2022.07.31"]
[SourceVersion "1"]
[SourceVersionDate "2022.07.31"]
[SourceQuality "1"]

1. e4 e6 2. d4 d5 3. Nd2 dxe4 4. Nxe4 Nd7 5. Nf3 Ngf6 6. Nxf6+ Nxf6 7. Bf4 c5 8. c3 a6 9. Be2 cxd4 10. Qxd4 Qxd4 11. Nxd4 Bc5 12. Nb3 Bb6 13. Bf3 Ke7 14. Rd1 Rd8 15. Ke2 Ne8 16. c4 f6 17. Rxd8 Bxd8 18. Rd1 e5 19. Be3 Bc7 20. Bc5+ Bd6 21. Bb6 Bc7 22. Bc5+ Bd6 23. Bb6 Bc7 24. c5 Bxb6 25. cxb6 Nd6 26. Rc1 1/2-1/2

[Event "TUR-ch (Women)"]
[Site "Ayvalik"]
[Date "2022.03.06"]
[Round "3"]
[White "Baloglu, Dila"]
[Black "Atalik, Ekaterina"]
[Result "1/2-1/2"]
[WhiteElo "1725"]
[BlackElo "2420"]
[PlyCount "85"]
[EventDate "2022.03.05"]
[EventType "swiss"]
[EventRounds "9"]
[EventCountry "TUR"]
[SourceTitle "EXT 2023"]
[Source "ChessBase"]
[SourceDate "2022.10.05"]
[SourceVersion "1"]
[SourceVersionDate "2022.10.05"]
[SourceQuality "1"]

1. e4 e5 2. Nf3 Nc6 3. Nc3 Nf6 4. a3 d6 5. d4 exd4 6. Nxd4 Be7 7. Be2 0-0 8. Be3 Bd7 9. f4 Nxd4 10. Bxd4 Bc6 11. Bf3 Re8 12. Qd3 Nd7 13. 0-0-0 Bf6 14. Nd5 Bxd5 15. exd5 a5 16. g4 Bxd4 17. Qxd4 Qf6 18. Qxf6 Nxf6 19. Rhe1 h6 20. h4 Kf8 21. Kd2 Nd7 22. Rxe8+ Rxe8 23. Re1 Ra8 24. a4 Rb8 25. b3 Nc5 26. Kc3 f6 27. h5 Kf7 28. Be4 Kf8 29. Bg6 Na6 30. Kd4 c6 31. c4 Nc7 32. Re3 Ra8 33. Be4 Ra6 34. Kc3 cxd5 35. Bxd5 Rb6 36. Be4 Rb4 37. Kd4 Rb6 38. Bd5 Na6 39. Be4 Nc7 40. Bd5 Rb4 41. Be4 Rb6 42. Bd5 Rb4 43. Be4 1/2-1/2